Country Names with Last Three Letters in Alphabetical Order - Statistics

General Stats
  • This quiz has been taken 79 times
    74 since last reset
  • The average score is 14 of 22
Answer Stats
Answer % Correct
Germany
88%
Italy
85%
Spain
83%
Israel
79%
Hungary
77%
Laos
73%
Peru
67%
Vatican City
67%
Tuvalu
65%
San Marino
63%
Sweden
63%
Liechtenstein
58%
Vanuatu
58%
Bahrain
54%
Barbados
54%
Monaco
54%
El Salvador
50%
Trinidad and Tobago
50%
Ecuador
48%
Kuwait
48%
East Timor
44%
Ivory Coast
31%
No matching quizzes found
Score Distribution
Percent of People with Each Score
Percentile by Number Answered
Your Score History
You have not taken this quiz since the last reset